| 000 | 00503nam a22001697a 4500 | ||
|---|---|---|---|
| 003 | BD-ChCU | ||
| 005 | 20251203104811.0 | ||
| 008 | 251203b bg ||||| |||| 00| 0 ben d | ||
| 040 | _cBD-ChCU | ||
| 082 | _a338.91 STM | ||
| 100 |
_aStalev, Eugene and Morse, Richard. _917385 |
||
| 245 |
_aModern small industry for developing countries.// _cEugene Stalev and Richard Morse. |
||
| 260 |
_aNew York _bMcGraw-Hill. _c1965 |
||
| 300 | _ax, 435p | ||
| 650 | 0 |
_aEconomic Policy _917387 |
|
| 942 |
_2ddc _cBK _n0 |
||
| 999 |
_c110080 _d110080 |
||